Conducta del excelentisimo señor don Jose Iturrigaray durante su gobierno en Nueva España (Record no. 5982)
[ view plain ]
| 000 -CABECERA | |
|---|---|
| campo de control de longitud fija | 00945nam a2200241 a 4500 |
| 001 - NÚMERO DE CONTROL | |
| campo de control | BRCA_6296 |
| 005 - FECHA Y HORA DE LA ÚLTIMA TRANSACCIÓN | |
| campo de control | 20190320205413.0 |
| 008 - DATOS DE LONGITUD FIJA--INFORMACIÓN GENERAL | |
| campo de control de longitud fija | 040811s1812----sp-#######---#000-0#spa-# |
| 041 ## - CÓDIGO DE LENGUA | |
| Código de lengua del texto/banda sonora o título independiente | spa |
| 044 ## - CÓDIGO DEL PAÍS DE LA ENTIDAD EDITORA/PRODUCTORA | |
| Código MARC del país | sp |
| 050 #4 - SIGNATURA TOPOGRÁFICA DE LA BIBLIOTECA DEL CONGRESO | |
| Número de clasificación | F1231.I8 |
| Número de documento/Ítem | .L67 1812 |
| 100 1# - ENTRADA PRINCIPAL--NOMBRE DE PERSONA | |
| Nombre de persona | Lopez Cancelada, Juan |
| 9 (RLIN) | 15790 |
| 245 10 - MENCIÓN DE TÍTULO | |
| Título | Conducta del excelentisimo señor don Jose Iturrigaray durante su gobierno en Nueva España |
| Resto del título | se contesta a la vindicación que publicó don Facundo Lizarza. Cuaderno tercero y segundo en la materia |
| Mención de responsabilidad, etc. | por Juan Lopez Cancelada. |
| 260 ## - PUBLICACIÓN, DISTRIBUCIÓN, ETC. | |
| Lugar de publicación, distribución, etc. | Cádiz |
| Nombre del editor, distribuidor, etc. | Imprenta del Estado-mayor-general |
| Fecha de publicación, distribución, etc. | 1812 |
| 300 ## - DESCRIPCIÓN FÍSICA | |
| Extensión | 135 p. |
| Dimensiones | 21 cm. |
| 500 ## - NOTA GENERAL | |
| Nota general | Estado físico: encuadernación deteriorada. El libro se encuentra en un sobre |
| 500 ## - NOTA GENERAL | |
| Nota general | C43 |
| 600 14 - PUNTO DE ACCESO ADICIONAL DE MATERIA--NOMBRE DE PERSONA | |
| Nombre de persona | Iturrigaray y Aróstegui, José de |
| Fechas asociadas al nombre | 1742-1815 |
| 9 (RLIN) | 8149 |
| 600 14 - PUNTO DE ACCESO ADICIONAL DE MATERIA--NOMBRE DE PERSONA | |
| Nombre de persona | Lizarza, Facundo de |
| 9 (RLIN) | 15791 |
| 651 #4 - PUNTO DE ACCESO ADICIONAL DE MATERIA--NOMBRE GEOGRÁFICO | |
| Nombre geográfico | México |
| Subdivisión general | Política y gobierno |
| Subdivisión cronológica | 1810-1821 |
| 9 (RLIN) | 1016 |
| 902 ## - CATALOGADOR | |
| Iniciales | GFM |
| 942 ## - ELEMENTOS DE PUNTO DE ACCESO ADICIONAL (KOHA) | |
| Fuente del sistema de clasificación o colocación | Library of Congress Classification |
| Tipo de ítem Koha | Libros |
| Estado de retiro | Estado de pérdida | Estado dañado | No para préstamo | Localización permanente | Ubicación/localización actual | Fecha de adquisición | Número de inventario | Total de préstamos | Signatura topográfica completa | Código de barras | Fecha visto por última vez | Precio válido a partir de | Tipo de ítem Koha |
|---|---|---|---|---|---|---|---|---|---|---|---|---|---|
| El ejemplar forma parte de la colección y puede ser consultado según las políticas vigentes. | Biblioteca del Museo Franz Mayer (Rogerio Casas-Alatriste) | Biblioteca del Museo Franz Mayer (Rogerio Casas-Alatriste) | 04/08/2011 | C43 | F1231.I8 .L67 1812 (C43) | 6735 | 22/03/2019 | 22/03/2019 | Libros |